Statistics for Landlocked Countries With Two Neighbours

Click here to take the quiz!

General Stats

  • This quiz has been taken 33 times
  • The average score is 6 of 7

Answer Stats

Country% Correct
Liechtenstein
94%
Andorra
84%
Mongolia
84%
Nepal
81%
Swaziland
81%
Bhutan
74%
Moldova
61%

Score Distribution

Percentile by Number Answered

Percent of People with Each Score

Your Score History

You have not taken this quiz